Normal view
MARC view
Entry Personal Name
001 - CONTROL NUMBER
- control field: 168211
003 - CONTROL NUMBER IDENTIFIER
- control field: OSt
005 - DATE AND TIME OF LATEST TRANSACTION
- control field: 20220923224743.0
008 - FIXED-LENGTH DATA ELEMENTS
- fixed length control field: 220923|| aca||aabn | a|a d
040 ## - CATALOGING SOURCE
- Original cataloging agency: OSt
- Transcribing agency: OSt
100 ## - HEADING--PERSONAL NAME
- Personal name: सिंह, जानकीनाथ; दीक्षित, हीरालाल, संपा
670 ## - SOURCE DATA FOUND
- Source citation: Work cat.: (OSt)373445: सिंह, जानकीनाथ; दीक्षित, हीरालाल, संपा., हिन्दी कवियो का छन्दशास्त्र को योगदान, 1967
